01060 2200277 4500001002100000005001500021035002000036007000300056008004100059020001800100082001000118084001400128245007400142250002000216300003800236650002100274700003100295505030800326264003000634336002100664337003000685338002300715710001200738990001600750990001600766INLIS00000000000009020260417021630 a0010-0426000089ta260417 g 0 ind  a9789792934366 a006.7 a006.7 ADO aAdobe flash professional cs6 untuk pemula /cilustrator, M. Leo Agung acetakan pertama a230 halaman :bilustrasi ;c23 cm 4aProgram Komputer0 aLego Agung, M.eIlustrator aBuku ini membahas penggunaan Adobe Flash Professional CS6 untuk membuat animasi dan media interaktif. Materi mencakup pembuatan objek, pengaturan timeline, serta teknik animasi dasar hingga lanjutan. Buku ini ditujukan bagi pengguna yang ingin membuat konten multimedia secara kreatif dan interaktif. aYogyakarta :bANDI,c2012 2rdacontentateks 2rdamediaatanpa perantara 2rdacarrieravolume0 aMadcoms aPP000179/19 aPP000346/19